000 00759nam a22001817a 4500
999 _c371825
_d371825
008 201127b ||||| |||| 00| 0 eng d
040 _aDE-2950
_bger
_cDE-2950
_erda
041 _ager
245 _a16 Meter langer Wal vor dem Rathaus.
_bProtest, Vor dem Frankfurter Rathaus hat Greenpeace auf einer dreiwöchigen Deutschlandtour Halt gemacht. Dabei geht es aber nicht um die toten Fische in der Oder/
_cJacqueline Westermann
264 _c2022
653 _aFrankfurt (Oder)
653 _aGreenpeace
773 _dFrankfurt (Oder) Märkisches Verlags- und Druckhaus GmbH & Co KG
_tMärkische Oderzeitung
_g33. Jahrgang (2022) Nr. 199 vom 26.08.2022, S. 18, mit Bild
942 _cA